LIBRARY & INFORMATION CENTRE, KCAET, TAVANUR

ONLINE PUBLIC ACCESS CATALOGUE (OPAC)

Wuthering heights / (Record no. 2608)

MARC details
000 -LEADER
fixed length control field 00408cam a2200169ua 4500
041 ## - LANGUAGE CODE
Language code of text/sound track or separate title eng
082 ## - DEWEY DECIMAL CLASSIFICATION NUMBER
Classification number 823.308
Item number BRO/WU
100 ## - MAIN ENTRY--AUTHOR NAME
Personal name Bronte, Emily .
245 ## - TITLE STATEMENT
Title Wuthering heights /
260 ## - PUBLICATION, DISTRIBUTION, ETC. (IMPRINT)
Place of publication Newyork :
Name of publisher Everymans Library ,
Year of publication 1963.
300 ## - PHYSICAL DESCRIPTION
Number of Pages 367 ; .
942 ## - ADDED ENTRY ELEMENTS (KOHA)
Koha item type Books
Holdings
Withdrawn status Lost status Damaged status Home library Current library Date acquired Full call number Accession Number Koha item type
Withdrawn     KAUAET Central Prison Tavanur 07/04/2012 823.308 4486 Books
Withdrawn     KAUAET Malayalam University 07/04/2012 823.308 11101 Books
Withdrawn     KAUAET Sanskrit University 07/04/2012 823.308 5458 Books
Withdrawn     KAUAET Sanskrit University 27/01/2021 823.308 BRO/WU 4586 Books
free website counter